000 00830nam a2200229 a 4500
008 951121s1988||||[C 0 slo c
020 _c19 Kčs.
_q(18000 výtl.)
040 _aSNK
_bslo
_cSNK
_eAACR2
041 1 _aslo
_hrus
044 _axo
_cSK
080 _a141.82(081)
080 _a930.25
100 1 _aLenin, Vladimir Iľjič
_4aut
245 1 0 _aZobrané spisy. /Zv./ 46
_bListy 1893-1904
_cVladimir Iľjič Lenin ; Edita Ščípová, Oto Takáč
250 _a2., vyd.
260 _aBratislava
_bPravda
_c1988
_eBratislava
_fPravda
300 _a777 s., 36,44 AH
_c21 cm
500 _aZozn. listov V. I. Lenina zaradených do predch. zv. Zozn. nenájdených listov V. I. Lenina. Bibliogr. údaje o dokumentoch. Pozn. Reg. Faksim. rkp.
700 1 _aŠčípová, Edita
_4trl
700 1 _aTakáč, Oto
_4bkd
958 _aA
999 _c15461
_d15461